000
00366nam a22001577a 4500
003
MPLRDC
005
20220104123653.0
008
210129b ||||| |||| 00| 0 eng d
082
_a
416.785 LM
100
_a
凌明著
245
_a
近视自疗法
_c
260
_a
_b
新时代出版社
_c
300
_b
平
650
_a
眼科--近视
942
_c
BK
_o
416.785 LM
999
_c
13264
_d
13254